000 01045nam a22003137a 4500
001 BR0202249
003 BR-BrBNA
005 20230928101051.0
007 ta
008 230509b bl.||||| |||| 00| 0 por d
040 _aBR-BrBNA
_bpor
_cBiblioteca Nacional de Agricultura
041 _a(Por)
072 _aL70; L40
_b5100
090 _ 5100 BR0202249
100 1 _aPerrelli, G.D.D.
110 1 _aUniversidade Federal de Minas Gerais, Belo Horizonte (Brasil). Escola de Veterinária
_0Tese (Mestre em Medicina Veterinária)
245 1 _aEstudo eletromiográfico em eqüinos da raça Brasileiro de Hipismo, submetidos ao trote nos pisos de areia e de grama
260 3 _aBelo Horizonte, MG (Brasil):
_c2001.
300 _a85 p.
500 _aSummaries (Eng, Por); Bibliography p. 61-71; 62 tables; 5 illus.
650 _aEQÜINO
650 _aRADIOGRAFIA
650 _aANATOMIA ANIMAL
650 _aMÚSCULO
650 _aAPARELHO LOCOMOTOR
650 _aADESTRAMENTO
909 _a202309
_bLucia
_c55
_dLucia Elande
942 _cBK
999 _c64108
_d64108